Verilog HDL synthesis a practical primer (Record no. 138833)

000 -LEADER
fixed length control field 00255nmm a2200097Ia 4500
008 - FIXED-LENGTH DATA ELEMENTS--GENERAL INFORMATION
fixed length control field 220120s9999||||xx |||||||||||||||||und||
082 ## - DEWEY DECIMAL CLASSIFICATION NUMBER
Classification number 621.392 BAS
100 ## - MAIN ENTRY--PERSONAL NAME
Personal name Pearson education asia
245 #0 - TITLE STATEMENT
Title Verilog HDL synthesis a practical primer
260 ## - PUBLICATION, DISTRIBUTION, ETC.
Date of publication, distribution, etc. 2001
Holdings
Withdrawn status Lost status Damaged status Not for loan Home library Current library Date acquired Barcode Date last seen Price effective from Koha item type
        Central Library Central Library 01/20/2022 CD384 01/20/2022 01/20/2022 Compact Disc

Powered by Koha